000 00719nam a22002417a 4500
005 20170124110256.0
008 161105b xxu||||| |||| 00| 0 eng d
010 _aA-680186
020 _c60.00
_a8170187923
035 _aA-680186
037 _bCen Lib/Ret
040 _aDPL
_bEN
082 _a363
_bTBI
100 _aTirlok Nath
_9132875
245 _aNew horizons /
_cby Tirlok Nath
260 _aNew Delhi
_bB. R. Publishing Corporation
_c1993
270 _bNew Delhi
_a1, Ansari Road, Darya Ganj
_e110002
300 _a70p. :
_c20cm
500 _aincludes index
650 _aSocial sciences
_9132876
650 _aSocial sciences - handbook
_9132877
942 _2ddc
_cEN
_h363
_mTRI
999 _c136234
_d136234